000 01048cam a2200337 4500
008 090401t1996 xxu||||| |||| 00| 0 eng d
020 _a0117532673
035 _a(Sirsi) u2504
041 _aeng
050 _a711.309427
110 _aUnited Kingdom
_bDepartment of the Environment
_9982
245 _aRegional planning guidance for the North West.
260 _aLondon
_bHMSO
_c1996
350 _a9.5
490 _aRPG
_v13
520 _aCovers Cheshire, Cumbria, Greater Manchester, Lancashire and Mersyside, excluding those areas covered by RPG8.
520 _aSuperseded by 2003 edition (ISBN 0117536482).
650 _aCHESHIRE
650 _aCUMBRIA
650 _aGREATER MANCHESTER
650 _aLANCASHIRE
650 _aMERSEYSIDE
650 _aREGIONAL PLANNING GUIDANCE
650 _aREGIONAL PLANNING
650 _aRPG13
690 _aPLANNING LAW AND PRACTICE
710 _aGovernment Office for the North West
_92407
710 _aGovernment Office for Merseyside
_92408
942 _n0
948 _c04/03/1997
999 _c85778
_d85778